[Event "World-chT Rapid"]
[Site "Dusseldorf"]
[Date "2023.08.28"]
[Round "9"]
[White "Moeller, Lisa Marie"]
[Black "Vibhor, Sharma"]
[Result "0-1"]
[WhiteElo "1899"]
[BlackElo "1853"]
[PlyCount "62"]
[EventDate "2023.08.26"]
[EventType "team-swiss (rapid)"]
[EventRounds "12"]
[EventCountry "GER"]
[SourceTitle "CBM 215 Extra"]
[Source "ChessBase"]
[SourceDate "2023.09.30"]
[SourceVersion "1"]
[SourceVersionDate "2023.09.30"]
[SourceQuality "1"]
[WhiteTeam "Wensing & Poebel"]
[BlackTeam "Ukraine Amators"]
[WhiteTeamCountry "GER"]
[BlackTeamCountry "UKR"]

1. e4 c5 2. Nf3 Nc6 3. Bb5 e6 4. Bxc6 bxc6 5. 0-0 c4 6. b3 Ba6 7. Re1 d5 8. bxc4 Bxc4 9. Ne5 Ba6 10. Nxc6 Qd6 11. exd5 Qxd5 12. Ne5 Bb7 13. Nf3 Nf6 14. Nc3 Qh5 15. Rb1 Bxf3 16. Qxf3 Qxf3 17. gxf3 Bc5 18. Ne4 Bb6 19. Nxf6+ gxf6 20. Bb2 Rg8+ 21. Kf1 0-0-0 22. d3 Rg6 23. Re4 Rdg8 24. Ke2 Rg2 25. Rf1 Rxh2 26. Bxf6 Rgg2 27. Bd4 f5 28. Rf4 Bc7 29. Be3 Bxf4 30. Bxf4 Rh3 31. Bg3 Rhxg3 0-1

[Event "World-chT Rapid"]
[Site "Dusseldorf"]
[Date "2023.08.28"]
[Round "10"]
[White "Vibhor, Sharma"]
[Black "Stoettinger, Michael"]
[Result "1-0"]
[WhiteElo "1853"]
[BlackElo "1779"]
[PlyCount "45"]
[EventDate "2023.08.26"]
[EventType "team-swiss (rapid)"]
[EventRounds "12"]
[EventCountry "GER"]
[SourceTitle "CBM 215 Extra"]
[Source "ChessBase"]
[SourceDate "2023.09.30"]
[SourceVersion "1"]
[SourceVersionDate "2023.09.30"]
[SourceQuality "1"]
[WhiteTeam "Ukraine Amators"]
[BlackTeam "Linz AlphaEchecs"]
[WhiteTeamCountry "UKR"]
[BlackTeamCountry "AUT"]

1. e4 e5 2. Bc4 Nf6 3. d3 Bc5 4. Nc3 0-0 5. Bg5 h6 6. Bh4 c6 7. Nf3 d6 8. 0-0 Be6 9. Bb3 b5 10. d4 Bxb3 11. dxc5 Bc4 12. Re1 b4 13. Na4 Bb5 14. c4 Bxa4 15. Qxa4 dxc5 16. Nxe5 g5 17. Rad1 Qe8 18. Bg3 Nh5 19. Ng4 Qe6 20. Ne3 Nxg3 21. hxg3 Nd7 22. Nf5 Nb6 23. Qa5 1-0